000 00669nam a2200277Ia 4500
005 20260324125959.0
008 008 260324s9999 xx 000 0 eng d
020 _a9780429137471
037 _aEBOOK
040 _aCRL
040 _beng
040 _cCRL
041 _2eng
041 _aeng
084 _qCRL
100 _aOlivier C. L. Haas; Keith J. Burnham
_91180066
245 0 _aIntelligent and Adaptive Systems in Medicine
260 _bTaylor and Francis
260 _c2008
365 _a
365 _b400
856 _uhttp://www.taylorfrancis.com/books/9780429137471
942 _cEBOOK
999 _c1775793
_d1775793